Diccionario de literatos hondureños
שמור ב:
| מחבר ראשי: | |
|---|---|
| פורמט: | ספר |
| שפה: | Undetermined |
| יצא לאור: |
Tegucigalpa, Honduras
Editorial Guaymuras
1997
|
| מהדורה: | 2 |
| נושאים: | |
| תגים: |
הוספת תג
אין תגיות, היה/י הראשונ/ה לתייג את הרשומה!
|
MARC
| LEADER | 00000nam a2200000Ia 4500 | ||
|---|---|---|---|
| 008 | 170316s9999 xx 000 0 und d | ||
| 040 | |a cru BVZT | ||
| 090 | |a R-413 G-1d LIT | ||
| 100 | |a González, José | ||
| 245 | |a Diccionario de literatos hondureños | ||
| 250 | |a 2 | ||
| 260 | |a Tegucigalpa, Honduras | ||
| 260 | |b Editorial Guaymuras | ||
| 260 | |c 1997 | ||
| 300 | |a 114 páginas | ||
| 630 | |l Español | ||
| 650 | 0 | |a REFERENCIA |9 27 | |
| 650 | 0 | |a DICCIONARIO |9 28 | |
| 650 | 0 | |a LITERATURA |9 63 | |
| 653 | |a HONDURAS | ||
| 942 | |2 z |c REF | ||
| 999 | |c 30278 |d 30278 | ||
